[Event "Titled Tuesday intern op 06th Feb Early"]
[Site "Chess.com INT"]
[Date "2024.02.06"]
[Round "3"]
[White "Alakhverdiev, Araz"]
[Black "Bagrationi, Alexander"]
[Result "0-1"]
[WhiteElo "2008"]
[BlackElo "2443"]
[PlyCount "58"]
[EventDate "2024.02.06"]
[EventType "swiss (blitz)"]
[EventRounds "11"]
[EventCountry "USA"]
[SourceTitle "CB07_2024"]
[SourceDate "2024.02.14"]
[SourceVersion "1"]
[SourceVersionDate "2024.02.14"]
[SourceQuality "1"]

1. Nf3 d5 2. c4 c6 3. cxd5 cxd5 4. d4 Nf6 5. Nc3 e6 6. Bf4 a6 7. e3 Nc6 8. Bd3 Be7 9. Ne5 Nxe5 10. dxe5 Nd7 11. 0-0 b5 12. e4 d4 13. Ne2 g5 14. Bg3 h5 15. h3 Nc5 16. Rc1 Bb7 17. a3 Nxe4 18. b4 Qd5 19. Bxe4 Qxe4 20. f3 Qe3+ 21. Bf2 Qxa3 22. Qxd4 Qxb4 23. Qb6 Bd5 24. Nc3 Rd8 25. Nxd5 Rxd5 26. Rc8+ Bd8 27. Qxa6 0-0 28. Qb6 Bxb6 29. Rb1 Qxb1+ 0-1

[Event "Titled Tuesday intern op 06th Feb Early"]
[Site "Chess.com INT"]
[Date "2024.02.06"]
[Round "4"]
[White "Padmini, Rout"]
[Black "Alakhverdiev, Araz"]
[Result "1-0"]
[WhiteElo "2353"]
[BlackElo "2008"]
[PlyCount "77"]
[EventDate "2024.02.06"]
[EventType "swiss (blitz)"]
[EventRounds "11"]
[EventCountry "USA"]
[SourceTitle "CB07_2024"]
[SourceDate "2024.02.14"]
[SourceVersion "1"]
[SourceVersionDate "2024.02.14"]
[SourceQuality "1"]

1. Nf3 Nf6 2. g3 c5 3. Bg2 Nc6 4. 0-0 g6 5. d4 cxd4 6. Nxd4 Nxd4 7. Qxd4 Bg7 8. c4 0-0 9. Nc3 d6 10. Bg5 Be6 11. Qd3 Rc8 12. b3 d5 13. Nxd5 Nxd5 14. cxd5 Bxa1 15. Rxa1 Bd7 16. d6 f6 17. Bh6 Re8 18. Bxb7 Rb8 19. Bd5+ Kh8 20. Bf7 exd6 21. Bxe8 Bxe8 22. Rd1 Rb6 23. Be3 Bb5 24. Qd2 Rc6 25. a4 Ba6 26. b4 Bb7 27. b5 Rc4 28. Qxd6 Qxd6 29. Rxd6 Rxa4 30. Rd8+ Kg7 31. Rd7+ Kf8 32. Rxb7 a6 33. b6 Rb4 34. Rxh7 a5 35. b7 Kg8 36. Rc7 a4 37. Rc8+ Kf7 38. b8Q Rb1+ 39. Qxb1 1-0

[Event "Baku op"]
[Site "Baku"]
[Date "2014.09.28"]
[Round "7"]
[White "Omar, Noaman"]
[Black "Alakhverdiev, Araz"]
[Result "1-0"]
[WhiteElo "2355"]
[BlackElo "2277"]
[PlyCount "155"]
[EventDate "2014.09.22"]
[EventType "swiss"]
[EventRounds "9"]
[EventCountry "AZE"]
[SourceTitle "CBM 162 Extra"]
[Source "ChessBase"]
[SourceDate "2014.10.17"]
[SourceVersion "1"]
[SourceVersionDate "2014.10.17"]
[SourceQuality "1"]

1. d4 Nf6 2. c4 c5 3. d5 b5 4. Nf3 g6 5. cxb5 a6 6. b6 Qxb6 7. Nc3 d6 8. e4 Bg4 9. Qa4+ Bd7 10. Qc2 Bg7 11. Be2 0-0 12. Nd2 Bb5 13. 0-0 Bxe2 14. Nxe2 Nbd7 15. Nc4 Qc7 16. Bd2 a5 17. a4 Ne8 18. Ra3 Ne5 19. Nxe5 Bxe5 20. Rh3 Rb8 21. Bc3 Qb6 22. Bxe5 dxe5 23. b3 Nf6 24. Rc3 Rfc8 25. Rc1 Nd7 26. Ng3 Qf6 27. Nf1 Rb4 28. Ne3 Rd4 29. g3 h5 30. h4 Kg7 31. Kg2 Qa6 32. Nc4 Rb8 33. f3 f6 34. Na3 Rdb4 35. Nb5 Qb6 36. Rc4 Rxc4 37. bxc4 Qb7 38. Rd1 Rd8 39. Rb1 Rb8 40. Rb3 Qc8 41. f4 Rb6 42. Rf3 exf4 43. gxf4 Kh7 44. Rg3 Qf8 45. Qf2 Qg8 46. Qe3 Qf8 47. Kf2 Rb8 48. Kg1 Qh6 49. Rf3 Rg8 50. e5 g5 51. hxg5 fxg5 52. f5 g4 53. Qxh6+ Kxh6 54. Re3 Kg5 55. f6 Kf4 56. Re2 Nxe5 57. fxe7 Nf3+ 58. Kh1 g3 59. d6 h4 60. Nc3 h3 61. Nd5+ Kf5 62. Ne3+ Kf6 63. Ng2 hxg2+ 64. Kxg2 Nh4+ 65. Kg1 Nf3+ 66. Kg2 Nh4+ 67. Kg1 Nf3+ 68. Kf1 g2+ 69. Rxg2 Re8 70. d7 Kxe7 71. dxe8Q+ Kxe8 72. Re2+ Kd7 73. Kf2 Nd4 74. Rb2 Kd6 75. Ke3 Ne6 76. Ke4 Nd4 77. Rb6+ Nc6 78. Rxc6+ 1-0

[Event "Baku op"]
[Site "Baku"]
[Date "2012.09.26"]
[Round "5"]
[White "Alakhverdiev, Araz"]
[Black "Sevdimaliyev, Urfan"]
[Result "1/2-1/2"]
[WhiteElo "2353"]
[BlackElo "2325"]
[PlyCount "30"]
[EventDate "2012.09.22"]
[EventType "swiss"]
[EventRounds "9"]
[EventCountry "AZE"]
[SourceTitle "CBM 150 Extra"]
[Source "ChessBase"]
[SourceDate "2012.10.19"]
[SourceVersion "1"]
[SourceVersionDate "2012.10.19"]
[SourceQuality "1"]

1. Nf3 Nf6 2. c4 g6 3. Nc3 d5 4. cxd5 Nxd5 5. g3 Bg7 6. Bg2 0-0 7. Nxd5 Qxd5 8. 0-0 Nc6 9. d3 Qb5 10. Rb1 a5 11. Be3 a4 12. Qc1 Be6 13. b3 axb3 14. axb3 Ra2 15. Re1 Rfa8 1/2-1/2

[Event "Baku op"]
[Site "Baku"]
[Date "2012.09.23"]
[Round "2"]
[White "Mchedlishvili, Mikheil"]
[Black "Alakhverdiev, Araz"]
[Result "1-0"]
[WhiteElo "2652"]
[BlackElo "2353"]
[PlyCount "95"]
[EventDate "2012.09.22"]
[EventType "swiss"]
[EventRounds "9"]
[EventCountry "AZE"]
[SourceTitle "CBM 150 Extra"]
[Source "ChessBase"]
[SourceDate "2012.10.19"]
[SourceVersion "1"]
[SourceVersionDate "2012.10.19"]
[SourceQuality "1"]

1. d4 Nf6 2. Nf3 c5 3. d5 d6 4. c4 b5 5. cxb5 a6 6. b6 Qxb6 7. Nc3 g6 8. e4 Bg7 9. Nd2 0-0 10. Be2 a5 11. Nc4 Qc7 12. a4 Ba6 13. 0-0 Bxc4 14. Bxc4 Na6 15. Bg5 h6 16. Be3 Qb7 17. Qe2 Nb4 18. Rac1 Kh7 19. f4 Nd7 20. Rfd1 Rac8 21. Kh1 Nb6 22. b3 Nxc4 23. bxc4 Qd7 24. Nb5 Rfd8 25. Bf2 h5 26. h3 Bh6 27. Qf3 Re8 28. Bg3 f5 29. e5 dxe5 30. fxe5 Bxc1 31. e6 Qb7 32. Rxc1 Rf8 33. Bf4 Rcd8 34. Rd1 Nc2 35. Qb3 Nb4 36. Qf3 Nc2 37. Qg3 Rf6 38. Qg5 Nd4 39. Qh6+ Kg8 40. Be5 Rdf8 41. Nxd4 cxd4 42. Rxd4 Qb1+ 43. Kh2 Qe1 44. Qf4 Kh7 45. Bxf6 Rxf6 46. c5 g5 47. Qxg5 Rg6 48. Qxh5+ 1-0